000 01032pam a2200301 a 4500
005 20260322212024.0
008 data
010 _a 91019106
020 _a0870448455 (regular ed.)
020 _a0870448501 (lib. bdg.)
020 _a9780870448454 (regular ed.)
020 _a9780870448508 (lib. bdg.)
040 _aDLC
_cDLC
_dDLC
042 _alcac
050 0 0 _aSF416.2
_b.U77 1991
082 0 0 _a636.088/7
_220
099 _a636.08 U77 1991
100 1 _aUrquhart, Jennifer C.
245 1 4 _aThe pets you love /
_cJennifer C. Urquhart.
260 _aWashington, D.C. :
_bNational Geographic Society,
_cc1991.
300 _a34 p. :
_bcol. ill. ;
_c26 cm.
440 0 _aBooks for young explorers
504 _aIncludes bibliographical references (p. 33).
520 _aThrough pictures of and text about birds, dogs, rabbits, goldfish, and other animals with their owners, the reader can see the responsibilities and pleasures of having a pet.
650 0 _aPets
_xJuvenile literature.
650 1 _aPets.
001 data
999 _c534
_d534